| 000 | 00748nam a2200205 a 4500 | ||
|---|---|---|---|
| 001 | 2708 | ||
| 003 | CDMR | ||
| 005 | 20151030104202.0 | ||
| 008 | 130130s1974||||sp |||||||||||||||||||||d | ||
| 040 |
_aCDMR _bcat _cCDMR |
||
| 245 | 0 | 3 | _aLa comunicación en la gran ciudad |
| 260 |
_aBarcelona _bDiputación Provincial de Barcelona. Sección de prensa, información y ediciones _c1974 |
||
| 300 | _a254 p. | ||
| 490 |
_aRevista del Instituto de Ciencias Sociales _v24 |
||
| 650 | 0 | 4 |
_93775 _aSociologia urbana |
| 650 | 0 | 4 |
_92803 _aMitjans de comunicació de massa locals _xAspectes sociològics |
| 650 | 0 | 4 |
_9388 _aComunicació humana |
| 710 | 1 |
_93774 _aBarcelona _b -- Diputación Provincial _bRevista del Instituto de Ciencias Sociales |
|
| 942 |
_cMON _2udc |
||
| 999 |
_c2708 _d2708 |
||